000 00712nam a22002177a 4500
003 UA-OsUOA
001 37766
007 ta
008 20060405b un ||||| |||| 00| 0 ukr d
100 _aАрхипова Є.І.
090 _a902
_bА11
942 _cSA
040 _aUA-OsUOA
_bukr
_cUA-OsUOA
_dUA-OsUOA
245 _aПам'ятки декоративно-ужиткового мистецтва стародавнього Києва (за матеріалами розкопок 2001-2002 рр.)
300 _aС.62
955 _a0
041 _aukr
080 _a902
773 0 _w37761
_tАрхеологія
_dК.
_d2006
_g1
650 7 _a9 Географія. Біографії. Історія
_2UDC
999 _c323943
_d323943